LEADER 03647nam 22006972 450 001 9910786031703321 005 20160505120705.0 010 $a1-139-61069-4 010 $a1-107-23610-X 010 $a1-107-25459-0 010 $a1-139-61255-7 010 $a1-139-62185-8 010 $a1-283-94370-0 010 $a1-139-62557-8 010 $a1-139-16228-4 010 $a1-139-61627-7 035 $a(CKB)2670000000326623 035 $a(EBL)1099897 035 $a(OCoLC)823504892 035 $a(SSID)ssj0000804475 035 $a(PQKBManifestationID)11438482 035 $a(PQKBTitleCode)TC0000804475 035 $a(PQKBWorkID)10833782 035 $a(PQKB)10313189 035 $a(UkCbUP)CR9781139162289 035 $a(Au-PeEL)EBL1099897 035 $a(CaPaEBR)ebr10643456 035 $a(CaONFJC)MIL425620 035 $a(MiAaPQ)EBC1099897 035 $a(PPN)261357204 035 $a(EXLCZ)992670000000326623 100 $a20110922d2013|||| uy| 0 101 0 $aeng 135 $aur||||||||||| 181 $ctxt$2rdacontent 182 $cc$2rdamedia 183 $acr$2rdacarrier 200 10$aAcquisition and analysis of terrestrial gravity data /$fLeland Timothy Long, Ronald Douglas Kaufmann$b[electronic resource] 210 1$aCambridge :$cCambridge University Press,$d2013. 215 $a1 online resource (x, 171 pages) $cdigital, PDF file(s) 300 $aTitle from publisher's bibliographic system (viewed on 05 Oct 2015). 311 $a1-107-02413-7 320 $aIncludes bibliographical references and index. 327 $aMachine generated contents note: List of symbols; 1. Gravitational attraction; 2. Instruments and data reduction; 3. Field acquisition of gravity data; 4. Graphical representation of the anomalous field; 5. Manipulation of the gravity field; 6. Interpretation of density structure; 7. Direct inversion; 8. Experimental isostasy; References; Index. 330 $aGravity surveys have a huge range of applications, indicating density variations in the subsurface and identifying man-made structures, local changes of rock type or even deep-seated structures at the crust/mantle boundary. This important one-stop book combines an introductory manual of practical procedures with a full explanation of analysis techniques, enabling students, geophysicists, geologists and engineers to understand the methodology, applications and limitations of a gravity survey. Filled with examples from a wide variety of acquisition problems, the book instructs students in avoiding common mistakes and misconceptions. It explores the increasing near-surface geophysical applications being opened up by improvements in instrumentation and provides more advance-level material as a useful introduction to potential theory. This is a key text for graduate students of geophysics and for professionals using gravity surveys, from civil engineers and archaeologists to oil and mineral prospectors and geophysicists seeking to learn more about the Earth's deep interior. 517 3 $aAcquisition & Analysis of Terrestrial Gravity Data 606 $aGravity anomalies$xMeasurement 606 $aGeophysical surveys 607 $aEarth (Planet)$xCrust 615 0$aGravity anomalies$xMeasurement. 615 0$aGeophysical surveys. 676 $a526/.7 686 $aSCI032000$2bisacsh 700 $aLong$b L. T$g(Leland Timothy),$01515212 702 $aKaufmann$b Ronald Douglas 801 0$bUkCbUP 801 1$bUkCbUP 906 $aBOOK 912 $a9910786031703321 996 $aAcquisition and analysis of terrestrial gravity data$93750844 997 $aUNINA LEADER 04942nam 2200661 a 450 001 9910963659703321 005 20250513225526.0 010 $a1-283-54311-7 010 $a9786613855565 010 $a94-012-0807-7 024 7 $a10.1163/9789401208079 035 $a(CKB)2550000000109713 035 $a(EBL)978038 035 $a(OCoLC)806205203 035 $a(SSID)ssj0000736792 035 $a(PQKBManifestationID)12289472 035 $a(PQKBTitleCode)TC0000736792 035 $a(PQKBWorkID)10771785 035 $a(PQKB)10288407 035 $a(MiAaPQ)EBC978038 035 $a(OCoLC)808341509$z(OCoLC)806205203$z(OCoLC)808670229$z(OCoLC)811589550$z(OCoLC)817807013 035 $a(nllekb)BRILL9789401208079 035 $a(Au-PeEL)EBL978038 035 $a(CaPaEBR)ebr10582818 035 $a(CaONFJC)MIL385556 035 $a(EXLCZ)992550000000109713 100 $a20120810d2012 uy 0 101 0 $aeng 135 $aur|n|---||||| 181 $ctxt 182 $cc 183 $acr 200 00$aCommitment and compassion $eessays on Georg Büchner : festschrift for Gerhard P. Knapp /$fedited by Patrick Fortmann and Martha B. Helfer 205 $a1st ed. 210 $aAmsterdam ;$aNew York $cRodopi$d2012 215 $a1 online resource (338 p.) 225 0 $aAmsterdam Beitra?ge zur neueren Germanistik ;$v81, 2012 300 $aDescription based upon print version of record. 311 08$a90-420-3533-1 320 $aIncludes bibliographical references. 327 $tPreliminary material /$rEditors Commitment and Compassion -- $tIntroduction: Georg Büchner?s Perpetual Contemporaneity /$rPatrick Fortmann -- $t?Man muß in socialen Dingen von einem absoluten Rechtsgrundsatz ausgehen?. Recht und Gesetz nach Büchner /$rGideon Stiening -- $tDanton?s Tod: Eine Relektüre /$rHarro Müller -- $tSubstance and Suffering in Danton?s Tod: The Payne Dialogue (III, 1) /$rRodney Taylor -- $tLenz? Doppelgesicht: Büchners Spaltung der Figur als Bedingung der Kohärenz der Erzählung /$rBernhard Greiner -- $tThe Aesthetic ?Theology? of Büchner?s Lenz /$rWilliam Collins Donahue -- $tMimesis of Everyday Life in the Kunstgespräch of Büchner?s Lenz: Realist Aesthetics between Anti-Ideal and Social Art /$rAnna Guillemin -- $tLangeweile, Lebenskarriere und Literatur: Zu einer Figur poetischer Produktivität bei Büchner /$rPatrick Fortmann -- $t?Komm Leonce, halte mir einen Monolog, ich will zuhören?. Büchners eingestandener Stillstand /$rNorbert Otto Eke -- $tTactical Citation in Georg Büchner?s Leonce und Lena /$rJohn B. Lyon -- $t?Er ist ein interessanter casus, Subjekt Woyzeck?. Büchners Fallgeschichten /$rNicolas Pethes -- $tEine Anekdote aus ?den englischen Blättern?: Büchner als Gegengeschichtsschreiber (am Beispiel seines Briefes vom 15. März 1836) /$rAriane Martin -- $tZu Volker Brauns ?kreativer? Rezeption von Büchner-Briefen /$rGerd Labroisse -- $t?Where id was. . .?: Danton According to Georg Büchner, Stanis?awa Przybyszewska and Andrzej Wajda /$rPaul Coates -- $tAn den Grenzen der Konjekturalphilologie: Zu einigen offenen Fragen der Büchneredition /$rHerbert Wender -- $tZwischen Überlieferung und Rezeption. Umdenken in der Woyzeck-Philologie. Zum Fragmentstatus von Büchners wirkungsmächtigstem Werk /$rHenri Poschmann. 330 $aThe writer, scientist, philosopher, and radical democrat Georg Büchner (1813-1837) occupies a unique place in the cultural legacy of the German-speaking countries. Born into an epoch of inevitable, yet arrested historical transition, Büchner produced a small but exceptionally rich body of work. This collection of essays in English and in German considers the full spectrum of his writings, the political pamphlet Der Hessische Landbote , the dramas Danton?s Tod , Leonce und Lena , Woyzeck , and the fragmentary narrative Lenz , as well as the letters, the philosophical lectures on Descartes and Spinoza, and the scientific texts. The essays examine connections between these works, study texts in detail, debate ways of editing them, and trace their reception in contemporary literature and film. The novel readings presented here not only celebrate Büchner on the eve of his bicentenary birthday but also insert this untimely figure into discussions of the revolution-restoration dynamic and realism in poetics and politics. 410 0$aAmsterdamer Beiträge zur neueren Germanistik$v81. 606 $aCommitment (Psychology) 606 $aCompassion 615 0$aCommitment (Psychology) 615 0$aCompassion. 676 $a834.009 701 $aKnapp$b Gerhard P$0199672 701 $aFortmann$b Patrick$01818150 701 $aHelfer$b Martha B$01818151 801 0$bMiAaPQ 801 1$bMiAaPQ 801 2$bMiAaPQ 906 $aBOOK 912 $a9910963659703321 996 $aCommitment and compassion$94377163 997 $aUNINA